Традиционный менталитет в современной жизни китайцев; Актуальные проблемы гуманитарных наук

Opis bibliograficzny
Parent link:Актуальные проблемы гуманитарных наук.— 2008.— С. 298-300
1. autor: Милешина Т.
Język:rosyjski
Wydane: 2008
Hasła przedmiotowe:
Format: Rozdział
KOHA link:https://koha.lib.tpu.ru/cgi-bin/koha/opac-detail.pl?biblionumber=186038

MARC

LEADER 00000naa2a2200000 4500
001 186038
005 20231031173414.0
035 |a (RuTPU)RU\TPU\book\201859 
090 |a 186038 
100 |a 20101022d2008 k y0rusy50 ca 
101 0 |a rus 
102 |a RU 
200 1 |a Традиционный менталитет в современной жизни китайцев  |f Т. Милешина 
320 |a Библиогр.: 2 назв. 
463 0 |0 (RuTPU)RU\TPU\book\194420  |t Актуальные проблемы гуманитарных наук  |o сборник научных трудов  |f Томский политехнический университет (ТПУ)   |v С. 298-300  |d 2008  |p 562 с. 
610 1 |a китайцы 
610 1 |a ментальность 
610 1 |a традиции 
610 1 |a труды учёных ТПУ 
700 1 |a Милешина  |b Т. 
801 1 |a RU  |b 63413507  |c 20101022 
942 |c BK